000 00643 a2200169 4500
040 _aDLC
082 0 0 _a515.9
100 _aSpiegel, Murray R.
245 0 0 _aSchaum's outline of theory and problems of complex variables : with an introduction to conformal mapping and its applications
_bwith an introduction to conformal mapping and its applications
_cMurray R. Spiegel.
246 3 0 _aComplex variables
260 _aNew York :
_bMcGraw-Hill,
_c1964.
300 _a313 p.
490 0 _aSchaum's outlines series
650 0 _aFunctions of complex variables.
650 0 _aFunctions of several complex variables.
942 _cBK
_k515.9 SPI
_2ddc
999 _c7961
_d7961